DISABILITY AND THE LAW (Record no. 10873)
[ view plain ]
| 000 -LEADER | |
|---|---|
| fixed length control field | 00224nam a22001097a 4500 |
| 003 - CONTROL NUMBER IDENTIFIER | |
| control field | SGT |
| 082 ## - DEWEY DECIMAL CLASSIFICATION NUMBER | |
| Classification number | 340,RAT |
| 100 ## - MAIN ENTRY--PERSONAL NAME | |
| Personal name | RATHI,RAJIVE |
| 245 ## - TITLE STATEMENT | |
| Title | DISABILITY AND THE LAW |
| 260 ## - PUBLICATION, DISTRIBUTION, ETC. (IMPRINT) | |
| Place of publication, distribution, etc | NEW DELHI |
| Name of publisher, distributor, etc | UNIVERSAL |
| 942 ## - ADDED ENTRY ELEMENTS (KOHA) | |
| Source of classification or shelving scheme | Dewey Decimal Classification |
| Koha item type | CDs & DVDs |
No items available.